000 00577nam a2200193Ia 4500
005 20250508165209.0
008 008 250505s9999 xx 000 0 eng d
037 _aDissertations
040 _aFEDL
_beng
_cFEDL
041 _aeng
_2eng
084 _a363.7, SAI/DI
_qFEDL
100 _aSaini Priyanka
_9780138
245 0 _aAnalysis of EVS textbooks of grade 3, 4 and 5 from the pedagogic perspective
260 _c2012
300 _a126p.
546 _aM.Ed. Dissertation, (Delhi University)
942 _cDIS
_h363.7, SAI/DI
999 _c1393724
_d1393724